|
|
|
|
| LEADER |
00000nab a2200000 ar4500 |
| 001 |
vtls008688174 |
| 003 |
SK-MaSNL |
| 005 |
20260303073645.0 |
| 008 |
060404c2006 xo mr|p|||a |000 b|slo |
| 015 |
|
|
|a SNBRB2006/04
|
| 038 |
|
|
|a SPK
|
| 040 |
|
|
|a SPKCL
|b slo
|c AACR2
|e AACR2
|
| 041 |
0 |
|
|a slo
|
| 044 |
|
|
|a xo
|c SK
|
| 080 |
|
|
|a 37.01:008
|2 UDC-MRF-SK2
|
| 080 |
|
|
|a 008
|2 UDC-MRF-SK2
|
| 080 |
|
|
|a 004.4
|2 UDC-MRF-SK2
|
| 100 |
1 |
|
|a Gottweissová, Anna
|4 aut
|9 1075576
|
| 245 |
1 |
0 |
|a Administrácia kultúrnych poukazov
|c Anna Gottweissová
|
| 300 |
|
|
|b Obr.
|
| 650 |
0 |
7 |
|a kultúra
|2 spk
|9 886
|
| 650 |
0 |
7 |
|a kultúrna výchova
|2 snkbucl
|9 67691
|
| 650 |
0 |
7 |
|a poukazy
|2 snkbucl
|9 1033671
|
| 650 |
0 |
7 |
|a projekty
|2 snkbucl
|9 18866
|
| 650 |
0 |
7 |
|a administratíva
|2 spk
|9 642
|
| 650 |
0 |
7 |
|a počítačové programy
|2 snkbucl
|9 1222
|
| 773 |
0 |
|
|t Pán učiteľ
|g Roč. 1, č. 6 (2006), s. 18
|x 1336-7161
|
| 852 |
|
|
|a SPK
|b KIS3GCP
|
| 999 |
|
|
|c 1768621
|d 1770551
|